Регионална библиотека "Любен Каравелов" - Русе

География на България (Запис номер 10605)

MARC детайли
000 -Лидер
Контролно поле с фиксирана дължина 01545nam a2200349 c 4500
003 - Код на организацията, давaща контролен номер
Контролно поле BLK
005 - Дата и час на последна редакция
Контролно поле 20230406125605.0
008 - Елементи от данни с фиксирана дължина
fixed length control field 180412b bul|||||r ||||||| ||bul||
010 ## - Наследен системен номер
LC control number KNG00012106000
040 ## - Източник на каталожния запис
Идентификатор на билиотеката - собственик на записа BLK
041 ## - Код за език
Код за езика на текст/звукозапис или на отделно заглавие Български
Код за езика КДБФ Български
080 ## - УДК
Текстов определител УДК География на България
УДК код - определител по УДК 913(497.2)
УДК определител (075.4)
УДК - код + определител 913(497.2)(075.4)
100 1# - Редна дума - Автор
Автор Йорданов, Тянко Колев
Дати, свързани с автора 1914-2004
Автор - информация (биография) Географ
R(LIN) 73960
139 ## - Редно поле
Редна дума Йорданов, Тянко и др.
Авторски знак Иорд - И 83
245 10 - Сведения за заглавието
Заглавие География на България
Подзаглавни данни За кандидат-студенти и зрелостници
Редно поле (дума) Тянко Йорданов; съавт. Милка Петкова Мандова-Русинчовска; Милка Петкова Мандова.
257 ## - Страна на издаване
Страна на създаване/издаване България
260 ## - Област на издателските данни
-- София
Име на издателя, разпространителя и проч. Стандарт
Година на издаване 1996
Печатница Враца : Полипринт
300 ## - Физическа характеристика
Страници 336 с.
Илюстрации и др. със сх., табл., диагр.
Размери/Мащаб 24 см
380 ## - Жанр
Жанр География
500 ## - Общи забележки
Забележка Втората авт. е известна като Милка Мандова. - Библиогр. с. 332
504 ## - Забележка за наличие на библиография и др
Забележка за наличие на библиография и под. 332
650 #4 - Допълнително описание по предмет – тема
Основно описание – тема или топоним България - география - учебни помагала
9 (RLIN) 242895
653 ## - Ключова дума – ненормативна
Ключова дума география
653 ## - Ключова дума – ненормативна
Ключова дума България
700 1# - Други автори (авторска отговорност)
Лично име Мандова-Русинчовска, Милка Петкова
Автороска отговорност (Описва отношението между автора и произведението) съавт.
9 (RLIN) 91947
700 1# - Други автори (авторска отговорност)
Лично име Мандова, Милка Петкова
9 (RLIN) 364364
852 ## - Местоположение
Форматна сигнатура Цб 188537
856 4# - Електронен адрес и достъп
Електронен формат pdf - файл
Път до файла /url/
856 4# - Електронен адрес и достъп
Електронен формат pdf - файл
Път до файла /url/
942 ## - АРТИКУЛИ
Вид на библиотечния материал Книги
Скрит в OPAC Не
944 ## - СЪЗДАВАНЕ И РЕДАКЦИЯ на ЗАПИСА
Създаване/Редакция Създаване
Дата на регистрацията/редакция 15.01.2003
Служител, извършил регистрацията/редакцията Геновева_Генчева
944 ## - СЪЗДАВАНЕ И РЕДАКЦИЯ на ЗАПИСА
Създаване/Редакция Редакция
Дата на регистрацията/редакция 08.04.2010
Служител, извършил регистрацията/редакцията
999 ## - СИСТЕМНИ КОНТРОЛНИ НОМЕРА
Koha biblionumber 10605
Koha biblioitemnumber 10605
Наличности
Код за отписване Код за изгубен артикул Източник на класификационната схема Код за повреда Коз за рестрикции Код за отдаване Артикулен № Име на библиотеката - собственик Име на библиотеката, в която се намира в момента Статус (Текущо местоположение) Дата на вписване в системата Местоположение - отдел Цена в лева Инвентарен номер Систематично азбучна сигнатура Баркод Номер на екземпляра Цена в евро Служебна бележка Служебен тип на артикула
  Не е изгубен Universal Decimal Classification Не е повреден без рестрикции ползва се в читалня 18368 Регионална библиотека "Любен Каравелов" Русе Регионална библиотека "Любен Каравелов" Русе Хранилище 2001-01-01 Хранилище 0.00 622153 Цб 188537 120000622153 1 0.00 Дост: Dp Вид: Д N: стар фонд Дата: 01.01.1996 Книги
Изтеглен Не е изгубен Universal Decimal Classification Не е повреден без рестрикции заемане за дома 18369 Регионална библиотека "Любен Каравелов" Русе Регионална библиотека "Любен Каравелов" Русе Заемна - подръчен фонд 2001-01-01 Заемна - подръчен фонд 4.38 621523 П 914.372/И 83 621523 2 2.24 Дост: Pk Вид: Ф N: стар фонд Дата: 01.01.1996 Книги
Vip Innovations Ltd, Rousse, Bulgaria 2025